000 01015nam a2200289 4500
003 EG-GICUC
005 20260425123152.0
008 260425s1995 ua ||||fr|||| 00| 0 ara d
040 _a EG-GICUC
_bara
_c EG-GICUC
_d EG-GICUC
_erda
041 0 _aara
082 0 4 _221
_a341.762
_bح ا . م
092 0 4 _221
099 _aLaw1 11 341.762 ح ا . م 1995
100 0 _aحازم حسن جمعه
_eAuthor.
245 1 2 _aالمسئولية الدولية عن تلوث البيئة الوطنية /
_cحازم حسن جمعه.
264 1 _aالقاهرة :
_bدار النهضة العربية،
_c1995.
300 _a136 ؛ صفحة
_c24 سم
336 _2rda content
_atext
337 _2rda media
_aComputer
338 _2rda carrier
_aOnline Resource
546 _aالنص باللغة العربية
650 1 4 _aالقانون الدولي العام
650 1 4 _aحماية البيئة
856 4 0 _uhttps://fll.law.cu.edu.eg/fulltext/bks/B11-10131.pdf
905 _a30
942 _2ddc
_cBK
_e21
_n0
999 _c73329
_d73329